Normal view
MARC view
Entry Personal Name
001 - CONTROL NUMBER
- control field: 66981
003 - CONTROL NUMBER IDENTIFIER
- control field: dpl
005 - DATE AND TIME OF LATEST TRANSACTION
- control field: 20240528112227.0
008 - FIXED-LENGTH DATA ELEMENTS
- fixed length control field: 240528|| aca||aabn | a|a d
040 ## - CATALOGING SOURCE
- Original cataloging agency: dpl
- Transcribing agency: dpl
100 ## - HEADING--PERSONAL NAME
- Personal name: Shanti B...[et. al]
670 ## - SOURCE DATA FOUND
- Source citation: Work cat.: (dpl)203301: Shanti B...[et. al], Agriculture Exams Made Easy/, 2022
